Statistics for Countries That Bordering ___ #9

Click here to take the quiz!

General Stats

  • This quiz has been taken 34 times
  • The average score is 9 of 9

Answers on the Map

Answers color-coded by a green-red scale on the quiz's map according to % correct below.
 

Answer Stats

Answer% Correct
Zambia
100%
Angola
97%
Central African Republic
97%
Rwanda
97%
South Sudan
97%
Tanzania
97%
Burundi
94%
Republic of The Congo
94%
Uganda
90%

Score Distribution

Percentile by Number Answered

Percent of People with Each Score

Your Score History

You have not taken this quiz